Statistics for Every Mariah Carey song that hit the Billboard hot 100

Click here to take the quiz!

General Stats

  • This quiz has been taken 148 times
  • The average score is 31 of 48

Answer Stats

Peak Chart PositionYearSong% Correct
12005We Belong Together
94%
11993Hero
92%
11995One Sweet Day
90%
11990Vision Of Love
90%
11997Honey
89%
11995Fantasy
88%
11991Emotions
87%
112016All I Want For Christmas Is You
85%
11999Heartbreaker
85%
862011All I Want For Christmas Is You (SuperFestive!)
85%
11993Dreamlover
84%
11998My All
83%
12008Touch My Body
83%
11996Always Be My Baby
83%
31994Without You/Never Forget You
82%
11991Someday
79%
11992I'll Be There
78%
11990Love Takes Time
77%
22005Shake It Off
75%
12005Don't Forget About Us
75%
892017I Don't
74%
11991I Don't Wanna Cry
70%
162005It's Like That
69%
151999When You Believe
69%
12000Thank God I Found You
69%
72009Obsessed
68%
51992Make It Happen
67%
21992Can't Let Go
65%
22001Loverboy
63%
152013#Beautiful
63%
812003Through The Rain
58%
121994Anytime You Need A Friend
57%
192008Bye Bye
53%
32003I Know What You Want
53%
21994Endless Love
52%
41999I Still Believe
51%
792006Say Somethin'
44%
602009I Want To Know What Love Is
43%
282000Crybaby
40%
1002010Up Out My Face
37%
822015Infinity
36%
582008I'll Be Lovin' U Long Time
35%
1002011Oh Santa!
33%
922008Migrate
31%
882014You're Mine (Eternal)
30%
212004U Make Me Wanna
22%
812001Never Too Far/Hero Medley
21%
822009My Love
14%

Score Distribution

Percentile by Number Answered

Percent of People with Each Score

Your Score History

You have not taken this quiz